000 00700nam a22002417a 4500
003 UA-OsUOA
001 120863
007 ta
008 20170224b un ||||| |||| 00| 0 ukr d
100 _aМанакин В. Н.
090 _a81'373(075.8)
_bМ23
942 _cBK
040 _aUA-OsUOA
_brus
_cUA-OsUOA
_dUA-OsUOA
245 _aСопоставительная лексикология
300 _a326 с.
955 _a2
041 _arus
080 _a81'373(075.8)
020 _a966-8148-10-Х
260 _aК.
_bЗнання
_c2004
650 7 _a8 Мовознавство. Художня література. Літературознавство
_2UDC
999 _c406972
_d406972